|
|
|
|
| LEADER |
01506nam a2200361 a 4500 |
| 001 |
38897 |
| 003 |
BD-DhAAL |
| 008 |
220614r20142013ii a b 001 0 eng d |
| 999 |
|
|
|c 44317
|d 44317
|
| 010 |
|
|
|a 2011292650
|
| 020 |
|
|
|a 9789332535039
|
| 020 |
|
|
|a 9780131988422
|
| 020 |
|
|
|a 0131988425
|
| 040 |
|
|
|a DLC
|c DLC
|d BD-DhAAL
|
| 042 |
|
|
|a pcc
|
| 050 |
0 |
0 |
|a TK5102.9
|b .O67 2010
|
| 082 |
|
|
|a 621.38043
|
| 100 |
1 |
|
|a Oppenheim, Alan V.,
|d 1937-
|9 49302
|
| 245 |
1 |
0 |
|a Discrete-time signal processing /
|c Alan V. Oppenheim, Ronald W. Schafer.
|
| 250 |
|
|
|a Third edition
|
| 260 |
|
|
|a Noida (India) :
|b Pearson,
|c c2013 [first impression 2014].
|
| 300 |
|
|
|a 1052 pages :
|b illustrations ;
|c 25 cm.
|
| 504 |
|
|
|a Includes bibliographical references (page 984) and index.
|
| 526 |
|
|
|a EEE
|
| 541 |
|
|
|a Trim Education
|e 38897, 38898
|
| 650 |
|
0 |
|a Signal processing
|x Mathematics.
|9 49303
|
| 650 |
|
0 |
|a Discrete-time systems.
|9 49304
|
| 650 |
|
0 |
|a Electrical engineering.
|9 49305
|
| 700 |
1 |
|
|a Schafer, Ronald W.,
|d 1938-
|9 49306
|
| 852 |
|
|
|a Ayesha Abed Library
|c General Stacks
|
| 942 |
|
|
|2 ddc
|c BK
|
| 952 |
|
|
|0 0
|1 0
|2 ddc
|4 0
|6 621_380430000000000_OPP
|7 0
|9 70815
|a BRACUL
|b BRACUL
|c GEN
|d 2022-06-06
|e Trim Education
|g 1075.00
|l 1
|m 13
|o 621.38043 OPP
|p 3010038898
|r 2025-05-26
|s 2025-02-11
|t 2
|v 1075.00
|w 2022-06-06
|y BK
|
| 952 |
|
|
|0 0
|1 0
|2 ddc
|4 0
|6 621_380430000000000_OPP
|7 0
|9 70816
|a BRACUL
|b BRACUL
|c GEN
|d 2022-06-06
|e Trim Education
|g 1075.00
|l 2
|m 22
|o 621.38043 OPP
|p 3010038897
|r 2026-01-14
|s 2025-10-13
|t 1
|v 1075.00
|w 2022-06-06
|y BK
|